000 00834 a2200253 4500
010 _aENG-85962
020 _a8120330412
_c295.00
035 _aEN-69495
037 _bD.B.Act / Pub
082 1 4 _a005.1
090 _c3884
_d3884
100 1 _aAndersson, Eve Astrid.
245 1 _aSoftware engineering for Internet applications
_cEve Andersson, Philip Greenspun, and Andrew Grumet.
260 _aNew Delhi
_bPrentice-Hall of India
_cc2006.
300 _aviii, 399 p.
_bill. ;
_c23 cm. (Pbk)
500 _aIncludes index.
650 0 _aInternet programming.
650 0 _aApplication software.
650 0 _aSoftware engineering.
700 1 _aGreenspun, Philip.
700 1 _aGrumet, Andrew.
942 _adpl
_cEN
_k005.1 / AND
999 _c3805
_d3805